Zabezpečenie spoľahlivej činnosti chodu hydromotora na pásových zavlažovačoch typu PP-67 /Rozširovaný zlepšovací návrh č. 49./

Bibliographic Details
Format: Article
Language:Slovak
PhysicalDescription:Obr. 3.
Subjects:

MARC

LEADER 00000nab a2200000 a 4500
001 vtls000324303
003 SK-MaSNL
005 20260302225152.0
008 111201c1987 xo 0 slo
015 |a SNBRB19rr/mm-uuuuu 
035 |a CL0324425 
040 |a SNKBUCL  |b slo  |c SNKBUCL  |e AACR2 
041 0 |a slo 
044 |a xo  |c SK 
080 |a 631.347  |2 1981 
245 0 0 |a Zabezpečenie spoľahlivej činnosti chodu hydromotora na pásových zavlažovačoch typu PP-67  |b /Rozširovaný zlepšovací návrh č. 49./ 
300 |b Obr. 3. 
650 0 7 |a zavlažovače pásové  |2 snkbucl  |9 925324 
655 7 |a články z novín a časopisov  |2 snkbucl  |9 267496 
773 0 |t Informácie MPVž SSR  |g Roč. 15, č. 23 (1987), s. 29 
850 |a Slovenská národná knižnica v Martine  |a MTA001 
852 |a SNK  |b KIS3GCP 
958 |a RK 
992 |a RBX 
999 |c 1527708  |d 1529638